|
|
|
|
| LEADER |
00913nab#a2200337#ar4500 |
| 001 |
000113530 |
| 003 |
SVKKK |
| 005 |
20140822101432.0 |
| 008 |
130826c2014 xr |||||||||||||||b|cze |
| FMT |
|
|
|
| 038 |
|
|
|a SVKKK
|
| 040 |
|
|
|a SVKKK
|b slo
|e AACR2
|
| 041 |
0 |
|
|a cze
|
| 044 |
|
|
|a xr
|c CZ
|
| 080 |
|
|
|a 621.744.3
|2 2008
|
| 080 |
|
|
|a 621.74.043
|2 2008
|
| 080 |
|
|
|a 519.876.5
|2 2008
|
| 100 |
1 |
|
|a Kováč, Marek
|4 aut
|
| 245 |
1 |
0 |
|a Návrh a optimalizace tvaru trvalé formy s využitím numerické simulace
|c Marek Kováč, Přemysl Stýblo, Pavel Šotka
|
| 300 |
|
|
|b Obr.
|
| 650 |
0 |
4 |
|a formy
|x návrhy
|
| 650 |
0 |
4 |
|a liatie pod tlakom
|
| 650 |
0 |
4 |
|a numerické simulácie
|
| 700 |
1 |
|
|a Stýblo, Přemysl
|4 aut
|
| 700 |
1 |
|
|a Šotka, Pavel
|4 aut
|
| 773 |
0 |
|
|t Slévárenství
|g Roč. LXII, č. 3-4 (2014), s. 98-99
|x 0037-6825
|
| 974 |
|
|
|a MI
|
| 992 |
|
|
|a RBX
|
| BAS |
|
|
|
| 852 |
|
|
|a SVKKK
|b BIB
|
| 998 |
|
|
|a HUT
|